000 00973nam0a22002651 4500
001 rc\3437379
005 20130115142231.6
021 _aRU
_b[74-101737]
035 _a(NLR Aleph) 007588629
090 _a5586732
_c5586732
100 _a20130115d1974 |||y0rusy50 ca
101 0 _arus
102 _aRU
105 _aa z |||||
200 1 _aОптимизация измерительных органов релейной защиты энергосистем
_fЛатв. респ. ин-т науч.-техн. информации и пропаганды
210 _aРига
_c[ЛатИНТИ]
_d1974
215 _a15 с.
_cчерт.
_d20
606 _aЭнергетические системы
_xРелейная защита
_2psbo
700 1 _aГарке
_bВ. Г.
_gВладимир Георгиевич
701 1 _aСаухатас
_bА. С.
801 0 _aRU
_bNLR
_gpsbo
801 1 _aRU
_bELAR
_2rusmarc
852 _aNLR
_j74-4/32926
942 _cBOOK
980 _aNB